000 00285nam a22001337a 4500
008 170214b xxu||||| |||| 00| 0 eng d
020 _a1881528774
041 _aeng
080 _a61
100 _a4
101 _aSHM
245 _aCRITICAL CARE MEDICINE
_cBRENNER, M
942 _2udc
_cBK
999 _c5374
_d5374